Berühmte Deutsche Fußballer nach Bild - Statistiken

Allgemein
  • Dieses Quiz wurde 2.642 mal gespielt
  • Das Durchschnittsergebnis liegt bei 23 aus 25
Antwortstatistiken
Bildquiz Antwort % Korrekt
Gerd Müller
99%
Manuel Neuer
99%
Thomas Müller
99%
Bastian Schweinsteiger
98%
Toni Kroos
97%
Mesut Özil
95%
Oliver Kahn
95%
Philipp Lahm
95%
Antonio Rüdiger
94%
Joshua Kimmich
94%
Mats Hummels
94%
Mario Götze
93%
Miroslav Klose
93%
Jamal Musiala
92%
Jérôme Boateng
92%
Marco Reus
92%
Lukas Podolski
91%
Franz Beckenbauer
90%
İlkay Gündoğan
89%
Marc-André ter Stegen
88%
Michael Ballack
88%
Lothar Matthäus
87%
Mario Gomez
85%
Rudi Völler
85%
Jürgen Klinsmann
62%
Keine übereinstimmenden Quizze gefunden
Verteilung der Resultate
Anzahl Personen mit jedem Resultat
Perzentil nach korrekt beantworteten Fragen
Ihre Resultats-Entwicklung
Sie haben dieses Quiz noch nicht gespielt